00378nam a22001337a 4500003000400000008004100004082001900045100001900064245007900083260003800162300000900200502001500209650002000224OSt260417b |||||||| |||| 00| 0 eng d a581.2326bU-5D aKumar, Upendra aDeterioration in Sugarcane Varieties Due to Pathotypes of Red Rot Pathogen aPusa, SamastipurbRAU, Pusac2001 a40P. bMsc.d2001 aPlant Pathology